[Event "29. Klatovy C 2023"]
[Site "Klatovy"]
[Date "2023.07.02"]
[Round "2.16"]
[White "Vavrinek, Tomas"]
[Black "Kotesovec, Jaroslav"]
[Result "1-0"]
[WhiteElo "1698"]
[BlackElo "1473"]
[PlyCount "43"]
[EventDate "2023.07.01"]
[EventType "swiss"]
[EventRounds "9"]
[EventCountry "CZE"]

1. d4 Nf6 2. Nf3 d5 3. Bg5 Nc6 4. e3 a6 5. c4 dxc4 6. Bxc4 b5 7. Bd3 e6 8. a3 Be7 9. Qc2 h6 10. Bxf6 Bxf6 11. Qxc6+ Bd7 12. Qc2 Qe7 13. Be4 Rb8 14. Bc6 O-O 15. Bxd7 Qxd7 16. Nbd2 Rbc8 17. O-O Qd5 18. Rac1 Be7 19. e4 Qh5 20. e5 c5 21. Qe4 c4 22. Qb7 1-0

[Event "29. Klatovy C 2023"]
[Site "Klatovy"]
[Date "2023.07.02"]
[Round "2.17"]
[White "Sykora, Vaclav"]
[Black "Novotny, Jaromir"]
[Result "1/2-1/2"]
[WhiteElo "1380"]
[BlackElo "1681"]
[PlyCount "49"]
[EventDate "2023.07.01"]
[EventType "swiss"]
[EventRounds "9"]
[EventCountry "CZE"]

1. c4 c5 2. Nc3 Nc6 3. d3 g6 4. Nf3 Bg7 5. Bd2 Nf6 6. g3 O-O 7. Bg2 d6 8. O-O Bd7 9. Qc1 Re8 10. Rb1 Rb8 11. e3 Ng4 12. a3 Nge5 13. Nxe5 Nxe5 14. Qc2 Qc8 15. Nd5 Bh3 16. Nf4 Bxg2 17. Kxg2 Nd7 18. Bc3 e5 19. Nd5 Nf6 20. Nxf6+ Bxf6 21. e4 Bg7 22. f4 f6 23. Qf2 Qd7 24. f5 b5 25. b4 1/2-1/2

[Event "29. Klatovy C 2023"]
[Site "Klatovy"]
[Date "2023.07.02"]
[Round "2.18"]
[White "Svec, Ludek"]
[Black "Novy, Jan"]
[Result "1-0"]
[WhiteElo "1614"]
[BlackElo "1403"]
[PlyCount "33"]
[EventDate "2023.07.01"]
[EventType "swiss"]
[EventRounds "9"]
[EventCountry "CZE"]

1. d4 e5 2. dxe5 Nc6 3. Nf3 Qe7 4. Qd5 Nb4 5. Qb3 c6 6. e4 Qc5 7. Nc3 d5 8. Be3 Qa5 9. Bd3 Nxd3+ 10. cxd3 dxe4 11. dxe4 Qa6 12. Ng5 Nh6 13. e6 f6 14. Nf7 Nxf7 15. exf7+ Kd8 16. Rd1+ Kc7 17. Bf4+ 1-0

[Event "29. Klatovy C 2023"]
[Site "Klatovy"]
[Date "2023.07.02"]
[Round "2.19"]
[White "Jezikowska, Nadzieja 1962"]
[Black "Hanzlik, Jiri"]
[Result "0-1"]
[WhiteElo "1299"]
[BlackElo "1585"]
[PlyCount "102"]
[EventDate "2023.07.01"]
[EventType "swiss"]
[EventRounds "9"]
[EventCountry "CZE"]

1. e4 e6 2. d4 d5 3. Nc3 c6 4. e5 Bb4 5. Bd2 a6 6. a3 Be7 7. Nf3 c5 8. Be3 c4 9. Be2 Nc6 10. O-O Bd7 11. b3 b5 12. Nb1 f6 13. c3 Qc7 14. exf6 Nxf6 15. Nbd2 Qa5 16. b4 Qc7 17. Ng5 h6 18. Bh5+ Kf8 19. Nh3 Nxh5 20. Qxh5 Be8 21. Qf3+ Bf6 22. Nf4 Qf7 23. Rae1 Ke7 24. Nb1 Kd7 25. Qg3 Ne7 26. Bd2 Nf5 27. Qh3 Kc6 28. Nxe6 Nd6 29. Nc5 Be7 30. Qg3 Bd7 31. Bf4 Nf5 32. Qf3 Rad8 33. Be5 Rhe8 34. Qf4 Bg5 35. Qf3 Rf8 36. Qe2 Nd6 37. f4 Bh4 38. g3 Be7 39. Nxd7 Kxd7 40. Nd2 Rde8 41. Qg2 Kc6 42. Rf3 g6 43. Ref1 Qf5 44. R3f2 Qd3 45. Bxd6 Bxd6 46. Nb1 Re3 47. f5 g5 48. f6 Bxg3 49. Rf3 Bf4 50. Qg4 Qc2 51. Rxe3 Qxh2# 0-1

[Event "29. Klatovy C 2023"]
[Site "Klatovy"]
[Date "2023.07.02"]
[Round "2.20"]
[White "Kotrba, Antonin"]
[Black "Skalny, Petr"]
[Result "0-1"]
[WhiteElo "1125"]
[BlackElo "1561"]
[PlyCount "52"]
[EventDate "2023.07.01"]
[EventType "swiss"]
[EventRounds "9"]
[EventCountry "CZE"]

1. d4 Nf6 2. c4 e6 3. Nc3 d5 4. e3 c5 5. Nf3 Nc6 6. a3 Be7 7. Be2 dxc4 8. Bxc4 O-O 9. O-O cxd4 10. exd4 Qb6 11. Na4 Qc7 12. Qe2 a6 13. Nc3 Rd8 14. Rd1 b5 15. Bb3 Bb7 16. d5 Na5 17. Ba2 exd5 18. b3 Qxc3 19. Bb2 Qc7 20. Rac1 Qd6 21. Be5 Qxa3 22. Rc3 Rdc8 23. Rxc8+ Rxc8 24. h3 Rc1 25. Bb2 Rxd1+ 26. Qxd1 Qxb2 0-1

[Event "29. Klatovy C 2023"]
[Site "Klatovy"]
[Date "2023.07.02"]
[Round "2.21"]
[White "Nussbauer, Ladislav"]
[Black "Tomecek, Marian"]
[Result "1-0"]
[WhiteElo "1516"]
[BlackElo "1294"]
[PlyCount "139"]
[EventDate "2023.07.01"]
[EventType "swiss"]
[EventRounds "9"]
[EventCountry "CZE"]

1. d4 d5 2. c4 e6 3. Nc3 Nf6 4. Bg5 Be7 5. e3 Nbd7 6. Rc1 Ne4 7. Bxe7 Qxe7 8. Nxe4 dxe4 9. Qc2 Nf6 10. Ne2 b6 11. Nc3 Bb7 12. g3 O-O 13. a3 c5 14. dxc5 Qxc5 15. b4 Qf5 16. Bg2 Rad8 17. O-O Qg4 18. Rcd1 Ba8 19. Rd2 Rxd2 20. Qxd2 Qh5 21. Rd1 Ng4 22. h3 Nf6 23. Qe2 Qe5 24. Rd4 h6 25. Qc2 Qf5 26. Qd2 Qe5 27. Nb5 Qb8 28. Nd6 e5 29. Nf5 exd4 30. exd4 Kh7 31. Qe3 Rd8 32. d5 Qc8 33. Bxe4 Nxe4 34. Qxe4 Kh8 35. g4 Re8 36. Qd4 f6 37. Nxh6 Re1+ 38. Kg2 Qe8 39. Nf5 Qe4+ 40. Qxe4 Rxe4 41. Nd6 Re2 42. Nc8 Ra2 43. Nxa7 Rxa3 44. Nc8 b5 45. Nb6 bxc4 46. Kf1 Bxd5 47. Nxd5 Rb3 48. h4 c3 49. Ke2 c2 50. Kd2 Rb2 51. Kc1 Rb3 52. Kxc2 Rf3 53. b5 Rxf2+ 54. Kc3 Rg2 55. b6 Rg1 56. Kc2 Rg2+ 57. Kc3 Rg3+ 58. Kc4 Rxg4+ 59. Kc5 Rg1 60. Nc3 Rg2 61. Na4 Rg1 62. Nc3 Rg2 63. b7 Rb2 64. Nb5 Rc2+ 65. Kb6 Kh7 66. b8=Q Re2 67. Qc8 Re5 68. Nd6 Kg6 69. Qg4+ Kh7 70. Nf5 1-0

[Event "29. Klatovy C 2023"]
[Site "Klatovy"]
[Date "2023.07.03"]
[Round "3.1"]
[White "Novotny, Jaroslav2"]
[Black "Chalus, Karel"]
[Result "1/2-1/2"]
[WhiteElo "1890"]
[BlackElo "1975"]
[PlyCount "20"]
[EventDate "2023.07.01"]
[EventType "swiss"]
[EventRounds "9"]
[EventCountry "CZE"]
[TimeControl "120+30"]

1. e4 {[%emt 0:00:05]} b6 {[%emt 0:00:40]} 2. d4 {[%emt 0:00:14]} Bb7 {[%emt 0:00:17]} 3. Bd3 {[%emt 0:00:44]} e6 {[%emt 0:00:33]} 4. Nf3 {[%emt 0:01:28]} Nf6 {[%emt 0:01:30]} 5. Qe2 {[%emt 0:01:56]} d5 {[%emt 0:10:09]} 6. e5 {[%emt 0:01:50]} Nfd7 {[%emt 0:07:59]} 7. O-O {[%emt 0:00:50]} c5 {[%emt 0:01:58]} 8. c3 {[%emt 0:00:04]} Nc6 {[%emt 0:00:27]} 9. a3 {[%emt 0:01:21]} c4 {[%emt 0:12:31]} 10. Bc2 {[%emt 0:00:02]} Be7 {[%emt 0:00:00]} 1/2-1/2

[Event "29. Klatovy C 2023"]
[Site "Klatovy"]
[Date "2023.07.03"]
[Round "3.2"]
[White "Skopec, Lubos"]
[Black "Sedlak, Ludek"]
[Result "1/2-1/2"]
[WhiteElo "1824"]
[BlackElo "1885"]
[PlyCount "34"]
[EventDate "2023.07.01"]
[EventType "swiss"]
[EventRounds "9"]
[EventCountry "CZE"]
[TimeControl "120+30"]

1. e4 {[%emt 0:00:02]} c5 {[%emt 0:00:32]} 2. c3 {[%emt 0:00:29]} d5 {[%emt 0:00:46]} 3. exd5 {[%emt 0:00:11]} Qxd5 {[%emt 0:00:06]} 4. d4 {[%emt 0:00:15]} Nf6 {[%emt 0:00:25]} 5. Nf3 {[%emt 0:00:21]} e6 {[%emt 0:00:41]} 6. Be2 {[%emt 0:00:28]} Nc6 {[%emt 0:02:04]} 7. O-O {[%emt 0:01:32]} cxd4 {[%emt 0:00:45]} 8. cxd4 {[%emt 0:00:24]} Be7 {[%emt 0:00:13]} 9. Nc3 {[%emt 0:00:12]} Qd6 {[%emt 0:00:39]} 10. Bg5 {[%emt 0:04:08]} O-O {[%emt 0:02:04]} 11. Qd2 {[%emt 0:09:33]} Nd5 {[%emt 0:09:11]} 12. Bxe7 {[%emt 0:11:35]} Ncxe7 {[%emt 0:06:30]} 13. Rfd1 {[%emt 0:02:58]} Nc6 {[%emt 0:09:00]} 14. Bc4 {[%emt 0:05:08]} Rd8 {[%emt 0:04:24]} 15. Rac1 {[%emt 0:07:23]} Bd7 {[%emt 0:18:16]} 16. h3 {[%emt 0:24:59]} Rac8 {[%emt 0:03:12]} 17. Nxd5 {[%emt 0:01:14]} exd5 {[%emt 0:00:13]} 1/2-1/2

[Event "29. Klatovy C 2023"]
[Site "Klatovy"]
[Date "2023.07.03"]
[Round "3.3"]
[White "Pribyl, Josef"]
[Black "Hlavac, Rudolf"]
[Result "1-0"]
[WhiteElo "2230"]
[BlackElo "1845"]
[PlyCount "45"]
[EventDate "2023.07.01"]
[EventType "swiss"]
[EventRounds "9"]
[EventCountry "CZE"]
[TimeControl "120+30"]

1. d4 {[%emt 0:00:14]} d5 {[%emt 0:00:15]} 2. Nf3 {[%emt 0:00:20]} Nf6 {[%emt 0:00:18]} 3. g3 {[%emt 0:00:24]} g6 {[%emt 0:01:00]} 4. Bg2 {[%emt 0:00:07]} Bg7 {[%emt 0:00:12]} 5. O-O {[%emt 0:00:04]} O-O {[%emt 0:01:46]} 6. c4 {[%emt 0:00:00]} dxc4 {[%emt 0:01:04]} 7. Na3 {[%emt 0:00:00]} c5 {[%emt 0:05:57]} 8. dxc5 {[%emt 0:00:25]} Ne4 {[%emt 0:01:34]} 9. Nxc4 {[%emt 0:00:38]} Nxc5 {[%emt 0:04:11]} 10. Be3 {[%emt 0:01:30]} Nbd7 {[%emt 0:00:55]} 11. Rc1 {[%emt 0:00:56]} a6 {[%emt 0:03:31]} 12. b4 {[%emt 0:03:27]} Ne6 {[%emt 0:03:44]} 13. Qb3 {[%emt 0:00:29]} b5 {[%emt 0:00:44]} 14. Na5 {[%emt 0:00:33]} Qe8 {[%emt 0:04:51]} 15. Ng5 {[%emt 0:03:20]} Nxg5 {[%emt 0:00:43]} 16. Bxa8 {[%emt 0:00:03]} Nh3+ {[%emt 0:00:28]} 17. Kg2 {[%emt 0:07:31]} Nf6 {[%emt 0:02:12]} 18. Bc6 {[%emt 0:01:11]} Qd8 {[%emt 0:03:40]} 19. Rfd1 {[%emt 0:01:34]} Qc7 {[%emt 0:00:54]} 20. Bf3 {[%emt 0:03:51]} Qb8 {[%emt 0:03:42]} 21. Nc6 {[%emt 0:01:00]} Qc7 {[%emt 0:00:21]} 22. Na7 {[%emt 0:00:26]} Qb8 {[%emt 0:00:43]} 23. Nxc8 {[%emt 0:01:05]} 1-0

[Event "29. Klatovy C 2023"]
[Site "Klatovy"]
[Date "2023.07.03"]
[Round "3.4"]
[White "Korsa, Jindrich"]
[Black "Petras, Milan"]
[Result "1/2-1/2"]
[WhiteElo "1997"]
[BlackElo "1866"]
[PlyCount "69"]
[EventDate "2023.07.01"]
[EventType "swiss"]
[EventRounds "9"]
[EventCountry "CZE"]
[TimeControl "120+30"]

1. e4 {[%emt 0:00:13]} e6 {[%emt 0:00:05]} 2. d4 {[%emt 0:00:13]} d5 {[%emt 0:00:04]} 3. exd5 {[%emt 0:00:11]} exd5 {[%emt 0:00:05]} 4. Nf3 {[%emt 0:00:12]} Bd6 {[%emt 0:00:17]} 5. Bd3 {[%emt 0:00:25]} Ne7 {[%emt 0:01:35]} 6. O-O {[%emt 0:00:42]} O-O {[%emt 0:01:23]} 7. Nbd2 {[%emt 0:01:08]} Bf5 {[%emt 0:01:35]} 8. Bxf5 {[%emt 0:02:24]} Nxf5 {[%emt 0:00:02]} 9. c4 {[%emt 0:01:41]} c6 {[%emt 0:10:54]} 10. Qb3 {[%emt 0:04:44]} b6 {[%emt 0:06:38]} 11. Rd1 {[%emt 0:02:03]} Bc7 {[%emt 0:11:18]} 12. Nf1 {[%emt 0:01:35]} dxc4 {[%emt 0:06:40]} 13. Qxc4 {[%emt 0:01:06]} Qd5 {[%emt 0:00:55]} 14. Qxd5 {[%emt 0:04:15]} cxd5 {[%emt 0:00:02]} 15. g4 {[%emt 0:00:36]} Ne7 {[%emt 0:02:51]} 16. Bd2 {[%emt 0:00:46]} Nbc6 {[%emt 0:02:08]} 17. Ne3 {[%emt 0:04:58]} Rac8 {[%emt 0:03:00]} 18. Rac1 {[%emt 0:04:22]} Bf4 {[%emt 0:28:22]} 19. Rc3 {[%emt 0:09:10]} Bxe3 {[%emt 0:05:16]} 20. fxe3 {[%emt 0:04:14]} f5 {[%emt 0:03:56]} 21. g5 {[%emt 0:00:27]} Kf7 {[%emt 0:07:26]} 22. Rdc1 {[%emt 0:00:38]} Ke6 {[%emt 0:00:13]} 23. Kf2 {[%emt 0:01:51]} Kd7 {[%emt 0:15:15]} 24. h4 {[%emt 0:04:21]} g6 {[%emt 0:07:04]} 25. b4 {[%emt 0:04:29]} a6 {[%emt 0:01:53]} 26. a4 {[%emt 0:06:32]} Ke6 {[%emt 0:01:22]} 27. Kg3 {[%emt 0:06:18]} Na7 {[%emt 0:00:19]} 28. Rc7 {[%emt 0:02:45]} Nac6 {[%emt 0:00:12]} 29. Rb7 {[%emt 0:07:07]} Rb8 {[%emt 0:00:39]} 30. Rxb8 {[%emt 0:00:14]} Rxb8 {[%emt 0:03:03]} 31. Ne1 {[%emt 0:03:23]} Nd8 {[%emt 0:03:38]} 32. Nd3 {[%emt 0:01:04]} Nb7 {[%emt 0:01:21]} 33. Ne5 {[%emt 0:06:24]} Nd6 {[%emt 0:00:39]} 34. Kf4 {[%emt 0:00:08]} Rc8 {[%emt 0:01:08]} 35. Rxc8 {[%emt 0:03:33]} 1/2-1/2

[Event "29. Klatovy C 2023"]
[Site "Klatovy"]
[Date "2023.07.03"]
[Round "3.5"]
[White "Turner, Radek"]
[Black "Cecil, Pavel"]
[Result "1-0"]
[WhiteElo "1991"]
[BlackElo "1845"]
[PlyCount "89"]
[EventDate "2023.07.01"]
[EventType "swiss"]
[EventRounds "9"]
[EventCountry "CZE"]
[TimeControl "120+30"]

1. c4 {[%emt 0:00:08]} e6 {[%emt 0:00:20]} 2. g3 {[%emt 0:00:09]} Nf6 {[%emt 0:00:21]} 3. Bg2 {[%emt 0:00:18]} d5 {[%emt 0:00:16]} 4. Nf3 {[%emt 0:00:07]} Be7 {[%emt 0:00:42]} 5. O-O {[%emt 0:00:09]} O-O {[%emt 0:00:54]} 6. b3 {[%emt 0:07:19]} b6 {[%emt 0:00:26]} 7. Bb2 {[%emt 0:00:41]} Bb7 {[%emt 0:00:17]} 8. e3 {[%emt 0:00:33]} Nbd7 {[%emt 0:01:44]} 9. Qe2 {[%emt 0:02:30]} Re8 {[%emt 0:01:55]} 10. d3 {[%emt 0:00:24]} c6 {[%emt 0:01:31]} 11. Nbd2 {[%emt 0:00:35]} Qc7 {[%emt 0:01:14]} 12. Rfc1 {[%emt 0:03:07]} a5 {[%emt 0:04:49]} 13. a4 {[%emt 0:07:46]} Rad8 {[%emt 0:06:04]} 14. cxd5 {[%emt 0:06:42]} exd5 {[%emt 0:17:15]} 15. d4 {[%emt 0:02:25]} Bb4 {[%emt 0:10:22]} 16. Bc3 {[%emt 0:01:40]} Qd6 {[%emt 0:01:06]} 17. Bxb4 {[%emt 0:01:40]} axb4 {[%emt 0:00:53]} 18. Bh3 {[%emt 0:07:40]} Ra8 {[%emt 0:01:13]} 19. Qd1 {[%emt 0:02:37]} c5 {[%emt 0:04:32]} 20. Rc2 {[%emt 0:22:01]} Ba6 {[%emt 0:02:18]} 21. Bf1 {[%emt 0:01:50]} Bb7 {[%emt 0:01:23]} 22. Bb5 {[%emt 0:00:47]} Rec8 {[%emt 0:00:46]} 23. Rac1 {[%emt 0:04:42]} cxd4 {[%emt 0:12:29]} 24. Rxc8+ {[%emt 0:02:18]} Rxc8 {[%emt 0:00:17]} 25. Rxc8+ {[%emt 0:00:27]} Bxc8 {[%emt 0:00:02]} 26. Bxd7 {[%emt 0:03:47]} Bxd7 {[%emt 0:02:02]} 27. Nxd4 {[%emt 0:00:11]} Bh3 {[%emt 0:03:25]} 28. f3 {[%emt 0:03:49]} h5 {[%emt 0:02:28]} 29. Qc2 {[%emt 0:03:05]} Qc5 {[%emt 0:01:11]} 30. Kf2 {[%emt 0:04:07]} Kf8 {[%emt 0:00:44]} 31. Ke2 {[%emt 0:07:51]} Bc8 {[%emt 0:01:51]} 32. Nb1 {[%emt 0:04:51]} g6 {[%emt 0:02:43]} 33. Kd1 {[%emt 0:03:54]} Bf5 {[%emt 0:01:48]} 34. Nxf5 {[%emt 0:01:13]} gxf5 {[%emt 0:00:57]} 35. Qxf5 {[%emt 0:01:18]} Qc6 {[%emt 0:07:15]} 36. Nd2 {[%emt 0:00:31]} Qc3 {[%emt 0:01:40]} 37. Qf4 {[%emt 0:00:33]} Nd7 {[%emt 0:01:43]} 38. Qd6+ {[%emt 0:03:49]} Ke8 {[%emt 0:00:05]} 39. Qxd5 {[%emt 0:00:19]} Qa1+ {[%emt 0:03:37]} 40. Ke2 {[%emt 0:00:43]} Qg1 {[%emt 0:05:04]} 41. Qxh5 {[%emt 0:02:47]} Qg2+ {[%emt 0:01:54]} 42. Kd3 {[%emt 0:01:09]} Nc5+ {[%emt 0:02:07]} 43. Kc2 {[%emt 0:00:21]} Qg1 {[%emt 0:00:54]} 44. Qe5+ {[%emt 0:00:54]} Kd7 {[%emt 0:00:57]} 45. a5 {[%emt 0:00:43]} 1-0

[Event "29. Klatovy C 2023"]
[Site "Klatovy"]
[Date "2023.07.03"]
[Round "3.6"]
[White "Burgermeister, Michal"]
[Black "Baumruk, Josef"]
[Result "0-1"]
[WhiteElo "1748"]
[BlackElo "1947"]
[PlyCount "143"]
[EventDate "2023.07.01"]
[EventType "swiss"]
[EventRounds "9"]
[EventCountry "CZE"]
[TimeControl "120+30"]

1. e4 {[%emt 0:00:03]} e6 {[%emt 0:00:08]} 2. d4 {[%emt 0:00:08]} d5 {[%emt 0:00:04]} 3. e5 {[%emt 0:00:10]} c5 {[%emt 0:00:06]} 4. Nc3 {[%emt 0:00:07]} a6 {[%emt 0:02:01]} 5. Nf3 {[%emt 0:00:43]} Nc6 {[%emt 0:00:36]} 6. dxc5 {[%emt 0:01:14]} Bxc5 {[%emt 0:00:11]} 7. Bd3 {[%emt 0:00:17]} Nge7 {[%emt 0:02:33]} 8. O-O {[%emt 0:01:05]} Ng6 {[%emt 0:02:53]} 9. Re1 {[%emt 0:01:29]} Qc7 {[%emt 0:01:52]} 10. Qe2 {[%emt 0:05:38]} Nd4 {[%emt 0:05:18]} 11. Nxd4 {[%emt 0:03:45]} Bxd4 {[%emt 0:00:07]} 12. Bxg6 {[%emt 0:04:26]} hxg6 {[%emt 0:00:50]} 13. Bd2 {[%emt 0:09:53]} Bd7 {[%emt 0:05:39]} 14. a4 {[%emt 0:02:15]} Rh5 {[%emt 0:07:03]} 15. g3 {[%emt 0:10:01]} Rxe5 {[%emt 0:08:18]} 16. Qg4 {[%emt 0:08:56]} Qc4 {[%emt 0:09:32]} 17. Qh3 {[%emt 0:07:58]} Rh5 {[%emt 0:01:01]} 18. Qf1 {[%emt 0:11:51]} Qxf1+ {[%emt 0:01:43]} 19. Rxf1 {[%emt 0:02:08]} Bc6 {[%emt 0:00:45]} 20. Nd1 {[%emt 0:07:28]} Kd7 {[%emt 0:02:52]} 21. c3 {[%emt 0:01:55]} Bf6 {[%emt 0:02:44]} 22. f4 {[%emt 0:05:16]} Rah8 {[%emt 0:02:27]} 23. Rf2 {[%emt 0:02:14]} d4 {[%emt 0:02:06]} 24. cxd4 {[%emt 0:07:15]} Bxd4 {[%emt 0:02:16]} 25. Be3 {[%emt 0:00:09]} Bxe3 {[%emt 0:01:35]} 26. Nxe3 {[%emt 0:01:13]} Ke7 {[%emt 0:01:33]} 27. Nc4 {[%emt 0:06:16]} Rh3 {[%emt 0:01:22]} 28. Ra3 {[%emt 0:04:00]} Rd8 {[%emt 0:01:27]} 29. Rd2 {[%emt 0:02:34]} Rhh8 {[%emt 0:04:28]} 30. Rxd8 {[%emt 0:03:26]} Rxd8 {[%emt 0:00:09]} 31. Kf2 {[%emt 0:01:29]} Rd4 {[%emt 0:03:50]} 32. Ne5 {[%emt 0:03:04]} Rd2+ {[%emt 0:01:27]} 33. Ke3 {[%emt 0:00:15]} Rxb2 {[%emt 0:00:33]} 34. Rc3 {[%emt 0:01:49]} a5 {[%emt 0:13:21]} 35. Nxc6+ {[%emt 0:02:18]} bxc6 {[%emt 0:00:05]} 36. Rxc6 {[%emt 0:00:06]} Rb4 {[%emt 0:00:09]} 37. Rc7+ {[%emt 0:00:35]} Kf6 {[%emt 0:00:52]} 38. h4 {[%emt 0:01:04]} Rxa4 {[%emt 0:04:26]} 39. g4 {[%emt 0:00:29]} e5 {[%emt 0:02:03]} 40. fxe5+ {[%emt 0:02:56]} Kxe5 {[%emt 0:02:03]} 41. Rc5+ {[%emt 0:02:02]} Ke6 {[%emt 0:02:48]} 42. Kf3 {[%emt 0:00:36]} f5 {[%emt 0:04:26]} 43. Rc6+ {[%emt 0:00:45]} Ke5 {[%emt 0:00:23]} 44. Rxg6 {[%emt 0:00:52]} Rxg4 {[%emt 0:00:11]} 45. Ra6 {[%emt 0:00:35]} a4 {[%emt 0:01:22]} 46. Ra5+ {[%emt 0:00:09]} Kf6 {[%emt 0:00:19]} 47. Ra6+ {[%emt 0:00:17]} Kf7 {[%emt 0:00:36]} 48. h5 {[%emt 0:00:58]} Rh4 {[%emt 0:06:24]} 49. Kg3 {[%emt 0:01:48]} Rxh5 {[%emt 0:00:23]} 50. Rxa4 {[%emt 0:00:04]} Kf6 {[%emt 0:00:37]} 51. Ra6+ {[%emt 0:00:11]} Kg5 {[%emt 0:00:12]} 52. Ra7 {[%emt 0:00:36]} g6 {[%emt 0:00:08]} 53. Ra5 {[%emt 0:00:45]} Rh1 {[%emt 0:00:20]} 54. Rb5 {[%emt 0:00:17]} Ra1 {[%emt 0:00:13]} 55. Rb3 {[%emt 0:00:20]} Ra4 {[%emt 0:00:47]} 56. Rc3 {[%emt 0:00:17]} Rh4 {[%emt 0:01:19]} 57. Rc5 {[%emt 0:00:20]} Re4 {[%emt 0:01:00]} 58. Kf3 {[%emt 0:00:20]} Rb4 {[%emt 0:00:22]} 59. Rc3 {[%emt 0:00:13]} Rh4 {[%emt 0:01:14]} 60. Rc5 {[%emt 0:00:09]} Rh3+ {[%emt 0:00:19]} 61. Kg2 {[%emt 0:00:12]} Rd3 {[%emt 0:00:45]} 62. Rc4 {[%emt 0:00:26]} f4 {[%emt 0:00:13]} 63. Rc6 {[%emt 0:00:23]} Kf5 {[%emt 0:00:23]} 64. Rc5+ {[%emt 0:00:19]} Kg4 {[%emt 0:00:10]} 65. Rc2 {[%emt 0:00:24]} g5 {[%emt 0:00:23]} 66. Ra2 {[%emt 0:00:11]} Re3 {[%emt 0:00:59]} 67. Ra4 {[%emt 0:00:15]} Re2+ {[%emt 0:00:25]} 68. Kf1 {[%emt 0:00:12]} Rb2 {[%emt 0:00:17]} 69. Ra3 {[%emt 0:00:29]} f3 {[%emt 0:00:25]} 70. Ra4+ {[%emt 0:00:49]} Kg3 {[%emt 0:00:11]} 71. Ra1 {[%emt 0:00:06]} Rh2 {[%emt 0:00:18]} 72. Ke1 {[%emt 0:02:24]} 0-1

[Event "29. Klatovy C 2023"]
[Site "Klatovy"]
[Date "2023.07.03"]
[Round "3.7"]
[White "Plasek, Zdenek"]
[Black "Ondrejat, Miroslav"]
[Result "1-0"]
[WhiteElo "1914"]
[BlackElo "1834"]
[PlyCount "55"]
[EventDate "2023.07.01"]
[EventType "swiss"]
[EventRounds "9"]
[EventCountry "CZE"]
[TimeControl "120+30"]

1. Nf3 {[%emt 0:10:28]} Nf6 {[%emt 0:00:43]} 2. g3 {[%emt 0:00:09]} g6 {[%emt 0:00:32]} 3. Bg2 {[%emt 0:00:07]} Bg7 {[%emt 0:00:01]} 4. O-O {[%emt 0:00:10]} O-O {[%emt 0:00:02]} 5. d4 {[%emt 0:00:14]} d6 {[%emt 0:03:04]} 6. c4 {[%emt 0:00:10]} Nbd7 {[%emt 0:00:26]} 7. Nc3 {[%emt 0:00:11]} e5 {[%emt 0:00:18]} 8. e4 {[%emt 0:00:15]} a5 {[%emt 0:01:16]} 9. h3 {[%emt 0:00:28]} exd4 {[%emt 0:03:38]} 10. Nxd4 {[%emt 0:00:03]} Nc5 {[%emt 0:00:11]} 11. Re1 {[%emt 0:02:07]} Re8 {[%emt 0:03:19]} 12. Nc2 {[%emt 0:08:24]} Be6 {[%emt 0:06:55]} 13. b3 {[%emt 0:01:26]} Qd7 {[%emt 0:00:18]} 14. h4 {[%emt 0:02:20]} Ng4 {[%emt 0:11:47]} 15. Nd4 {[%emt 0:05:16]} Ne5 {[%emt 0:04:43]} 16. Be3 {[%emt 0:03:32]} Bg4 {[%emt 0:12:05]} 17. f3 {[%emt 0:09:50]} Bh3 {[%emt 0:00:35]} 18. Kh2 {[%emt 0:05:12]} Bxg2 {[%emt 0:00:07]} 19. Kxg2 {[%emt 0:00:00]} c6 {[%emt 0:07:15]} 20. Nde2 {[%emt 0:05:47]} Qe7 {[%emt 0:03:45]} 21. Qc2 {[%emt 0:03:02]} Nxf3 {[%emt 0:16:40]} 22. Kxf3 {[%emt 0:00:42]} Nxe4 {[%emt 0:00:45]} 23. Qxe4 {[%emt 0:01:08]} Qd7 {[%emt 0:08:54]} 24. Qd3 {[%emt 0:04:41]} h5 {[%emt 0:01:01]} 25. Kg2 {[%emt 0:03:52]} Qg4 {[%emt 0:00:45]} 26. Rad1 {[%emt 0:02:12]} Re7 {[%emt 0:02:11]} 27. Bd2 {[%emt 0:04:29]} Rae8 {[%emt 0:00:51]} 28. Nf4 {[%emt 0:08:21]} 1-0

[Event "29. Klatovy C 2023"]
[Site "Klatovy"]
[Date "2023.07.03"]
[Round "3.8"]
[White "Zednik, Zdenek"]
[Black "Danko, Jiri"]
[Result "1/2-1/2"]
[WhiteElo "1836"]
[BlackElo "1873"]
[PlyCount "45"]
[EventDate "2023.07.01"]
[EventType "swiss"]
[EventRounds "9"]
[EventCountry "CZE"]
[TimeControl "120+30"]

1. Nf3 {[%emt 0:02:41]} Nf6 {[%emt 0:00:07]} 2. c4 {[%emt 0:00:14]} e6 {[%emt 0:00:24]} 3. b3 {[%emt 0:00:29]} d5 {[%emt 0:00:43]} 4. Bb2 {[%emt 0:00:12]} Be7 {[%emt 0:00:28]} 5. e3 {[%emt 0:00:24]} O-O {[%emt 0:00:16]} 6. Be2 {[%emt 0:00:12]} b6 {[%emt 0:00:31]} 7. cxd5 {[%emt 0:00:37]} exd5 {[%emt 0:02:32]} 8. O-O {[%emt 0:00:25]} Bb7 {[%emt 0:00:30]} 9. d3 {[%emt 0:00:56]} Nbd7 {[%emt 0:00:21]} 10. Nbd2 {[%emt 0:00:29]} c5 {[%emt 0:00:39]} 11. Rc1 {[%emt 0:00:18]} Rc8 {[%emt 0:01:58]} 12. d4 {[%emt 0:02:32]} Re8 {[%emt 0:10:20]} 13. Rc2 {[%emt 0:01:17]} Bd6 {[%emt 0:01:47]} 14. Qa1 {[%emt 0:07:20]} Qe7 {[%emt 0:07:42]} 15. Rfc1 {[%emt 0:14:24]} a6 {[%emt 0:05:45]} 16. Nf1 {[%emt 0:00:32]} h6 {[%emt 0:15:01]} 17. Ng3 {[%emt 0:00:41]} Qe6 {[%emt 0:00:47]} 18. dxc5 {[%emt 0:04:31]} bxc5 {[%emt 0:01:46]} 19. Bd3 {[%emt 0:01:00]} g6 {[%emt 0:10:28]} 20. Re1 {[%emt 0:19:52]} Ne4 {[%emt 0:21:27]} 21. Nxe4 {[%emt 0:06:19]} dxe4 {[%emt 0:00:11]} 22. Bc4 {[%emt 0:00:26]} Qg4 {[%emt 0:18:04]} 23. h3 {[%emt 0:00:00]} 1/2-1/2

[Event "29. Klatovy C 2023"]
[Site "Klatovy"]
[Date "2023.07.03"]
[Round "3.9"]
[White "Mlynek, Petr"]
[Black "Fiser, Jiri2"]
[Result "0-1"]
[WhiteElo "2035"]
[BlackElo "1784"]
[PlyCount "63"]
[EventDate "2023.07.01"]
[EventType "swiss"]
[EventRounds "9"]
[EventCountry "CZE"]

1. d4 f5 2. c4 Nf6 3. Nf3 g6 4. g3 Bg7 5. Bg2 O-O 6. O-O d6 7. Nc3 Qe8 8. d5 Na6 9. Nd4 Bd7 10. Rb1 c5 11. dxc6 bxc6 12. b4 Rb8 13. Qa4 Nxb4 14. Rxb4 Rxb4 15. Qxb4 c5 16. Qa5 cxd4 17. Nb5 Bxb5 18. cxb5 Qb8 19. Bb2 Ne4 20. Bxe4 fxe4 21. Rc1 Qb6 22. Qb4 d3 23. Qb3+ Kh8 24. Bxg7+ Kxg7 25. Qb2+ e5 26. exd3 exd3 27. Rc3 Qd4 28. Rc7+ Kf6 29. Qxd4 exd4 30. Kf1 Re8 31. Rc4 Ke5 32. Ke1 0-1

[Event "29. Klatovy C 2023"]
[Site "Klatovy"]
[Date "2023.07.03"]
[Round "3.10"]
[White "Richter, Martin1"]
[Black "Vavrinek, Tomas"]
[Result "1/2-1/2"]
[WhiteElo "1946"]
[BlackElo "1698"]
[PlyCount "57"]
[EventDate "2023.07.01"]
[EventType "swiss"]
[EventRounds "9"]
[EventCountry "CZE"]

1. e4 c5 2. Nc3 d6 3. f4 g6 4. Bc4 Bg7 5. Nf3 Nc6 6. d3 e6 7. O-O Nge7 8. Qe1 O-O 9. f5 d5 10. Bb3 dxe4 11. dxe4 exf5 12. Qh4 c4 13. Bxc4 Ne5 14. Bb3 Nxf3+ 15. Rxf3 fxe4 16. Qxe4 Qd4+ 17. Be3 Qxe4 18. Nxe4 Nf5 19. Bc5 Nd4 20. Nf6+ Bxf6 21. Rxf6 Nxb3 22. axb3 Rd8 23. Rd6 Rxd6 24. Bxd6 Bf5 25. c4 a6 26. b4 Re8 27. Rd1 Be4 28. Kf2 Bc6 29. g3 1/2-1/2